[Event "Esbjerg Autumn 2nd"]
[Site "Esbjerg"]
[Date "2019.10.20"]
[Round "7"]
[White "Rozenfeldt, Michael Tranberg"]
[Black "Sorensen, Carsten Klint"]
[Result "1/2-1/2"]
[WhiteElo "1782"]
[BlackElo "1755"]
[PlyCount "32"]
[EventDate "2019.10.18"]
[EventType "swiss"]
[EventRounds "7"]
[EventCountry "DEN"]
[SourceTitle "CBM 192 Extra"]
[Source "Chessbase"]
[SourceDate "2019.11.06"]
[SourceVersion "1"]
[SourceVersionDate "2019.11.06"]
[SourceQuality "1"]

1. d4 e6 2. c4 f5 3. Nf3 Nf6 4. g3 Be7 5. Bg2 0-0 6. 0-0 d6 7. Nc3 a5 8. Bg5 Nbd7 9. Qc2 Qe8 10. d5 Nc5 11. Nd4 e5 12. Nb3 Nxb3 13. axb3 Qh5 14. Bxf6 Rxf6 15. Bf3 Qh3 16. Bg2 Qh5 1/2-1/2

[Event "Esbjerg Autumn 2nd"]
[Site "Esbjerg"]
[Date "2019.10.18"]
[Round "1"]
[White "Carlstedt, Jonathan"]
[Black "Rozenfeldt, Michael Tranberg"]
[Result "1/2-1/2"]
[WhiteElo "2442"]
[BlackElo "1782"]
[PlyCount "122"]
[EventDate "2019.10.18"]
[EventType "swiss"]
[EventRounds "7"]
[EventCountry "DEN"]
[SourceTitle "CBM 192 Extra"]
[Source "Chessbase"]
[SourceDate "2019.11.06"]
[SourceVersion "1"]
[SourceVersionDate "2019.11.06"]
[SourceQuality "1"]

1. c4 Nf6 2. g3 c5 3. Bg2 d5 4. cxd5 Nxd5 5. Nc3 Nc7 6. Nf3 Nc6 7. 0-0 e5 8. Ne1 Be7 9. Nd3 f6 10. b3 Bd7 11. Bb2 0-0 12. f4 Bg4 13. h3 Qxd3 14. exd3 Bxd1 15. Bxc6 bxc6 16. Raxd1 exf4 17. Rxf4 Bd6 18. Rf3 Be5 19. Kf1 Rfd8 20. Rc1 Rab8 21. Ba3 Ne6 22. Ne2 Rb5 23. Rc4 Ra5 24. Ra4 Rxa4 25. bxa4 c4 26. Kg2 cxd3 27. Nc1 Rd4 28. Bb2 Rxa4 29. Bxe5 fxe5 30. Rxd3 Rd4 31. Kf2 Nc5 32. Rxd4 exd4 33. Ne2 Ne4+ 34. Ke1 c5 35. g4 Kf7 36. Nf4 Kf6 37. Ke2 Ke5 38. Nd3+ Kd6 39. Nf4 c4 40. h4 Ke5 41. Ng2 a5 42. a3 Kd5 43. Ne1 Kc5 44. Nf3 c3 45. dxc3 Nxc3+ 46. Kd3 Nb5 47. a4 Nc3 48. Nxd4 Nxa4 49. Ne6+ Kd5 50. Nxg7 Nc5+ 51. Kc2 Ke4 52. g5 Kf4 53. Ne8 Ne4 54. Nf6 Nd6 55. Nxh7 Kg4 56. g6 Nf5 57. Nf8 Kxh4 58. Kb3 Kg5 59. Ka4 Kh6 60. Kxa5 Ne7 61. Kb5 Nxg6 1/2-1/2